000 01499cam a22003131i 4500
003 SA-RiAUC
005 20251004164020.0
008 250929s1997 su f b f00000 ara c
020 _a9960001083
020 _a1300000121
040 _aSA-MaUQU
_bara
_cSA-RiAUC
_erda
043 _ama-----
082 0 4 _a016.307
_qSA-RiAUC
090 _a016.307
_bب ا ق
100 1 _aباقادر، أبو بكر أحمد،
_d1369 هجري-
_eمؤلف.
245 1 0 _aببليوجرافيا الدراسات الغربية حول البداوة في الأقطار العربية /
_cإعداد أبي بكر أحمد باقادر ؛ مراجعة عبد الله سعيد باخشوين.
264 1 _aالرياض :
_bمكتبة الملك فهد الوطنية،
_c1997.
300 _a390 صفحة ؛
_c24 × 17 سم.
336 _aنص
_btxt
_2rdacontent
_3كتاب
337 _aبدون وسيط
_bn
_2rdamedia
338 _aمجلد
_bnc
_2rdacarrier
490 1 _aمطبوعات مكتبة الملك فهد الوطنية.
_aالسلسلة الثالثة ؛
_v 13
650 7 _aالبدو
_zالبلاد العربية
_vببليوجرافيات
_2aucsh
650 7 _aالقبائل
_zالبلاد العربية
_vببليوجرافيات
_2aucsh
700 1 _aباخشوين، عبد الله سعيد
_eمراجع.
830 0 _aمطبوعات مكتبة الملك فهد الوطنية.
_pالسلسلة الثالثة
_v 13
942 _2ddc
_cBOOK
_n0
949 _aSA-JeALM
_d250929
_umohamedma123
_n1
999 _c12365
_d12365